[Event "Let's Play Chess!"]
[Site "http://www.queenalice.com/game.php?id=651262"]
[Date "2009.9.12"]
[Round "-"]
[White "Ekensberg"]
[Black "Incognita"]
[Result "1-0"]
[WhiteElo "2023"]
[BlackElo "1892"]

1. e4 c5 2. Nf3 e6 3. d4 cxd4 4. Nxd4 Nc6 5. Be2 Be7 6. O-O Nf6 7. Nc3 O-O 8.
Be3 d5 9. exd5 exd5 10. h3 Ne5 11. Nf3 Nxf3+ 12. Bxf3 Be6 13. Qd2 Bb4 14. a3 Bd6
15. Rad1 Qa5 16. Nxd5 Qxd2 17. Rxd2 Nxd5 18. Bxd5 Bxd5 19. Rxd5 Rfd8 20. Rfd1
Be7 21. Rxd8+ Bxd8 22. Bxa7 Bf6 23. Bd4 Bxd4 24. Rxd4 g6 25. Rd7 Rc8 26. Rxb7
Rxc2 27. a4 Kf8 28. a5 Rc1+ 29. Kh2 Ra1 30. b4 1-0

[Event "Let's Play Chess!"]
[Site "http://www.queenalice.com/game.php?id=651265"]
[Date "2009.9.12"]
[Round "-"]
[White "Kuarwaki"]
[Black "Ekensberg"]
[Result "1-0"]
[WhiteElo "2160"]
[BlackElo "2046"]

1. e4 c5 2. Nf3 Nc6 3. Nc3 e6 4. d4 cxd4 5. Nxd4 Bc5 6. Nb3 Bb4 7. Bb5 d6 8. Qd4
Bxc3+ 9. Qxc3 Nf6 10. Bxc6+ bxc6 11. Qxc6+ Bd7 12. Qxd6 Qe7 13. Qxe7+ Kxe7 14.
Bg5 h6 15. Bxf6+ Kxf6 16. O-O-O Ke7 17. Rd4 Rhd8 18. Rhd1 Bc6 19. Na5 Bb5 20.
Rxd8 Rxd8 21. Rxd8 Kxd8 22. c4 Bd7 23. b4 Kc7 24. b5 Kb6 25. Nb3 e5 26. a4 Be6
27. c5+ Kc7 28. Na5 g6 29. Kc2 f5 30. f3 g5 31. Nc6 1-0

[Event "Let's Play Chess!"]
[Site "http://www.queenalice.com/game.php?id=652389"]
[Date "2009.9.14"]
[Round "-"]
[White "Ekensberg"]
[Black "skorpion"]
[Result "0-1"]
[WhiteElo "2035"]
[BlackElo "2190"]

1. e4 e5 2. Nf3 Nf6 3. Nxe5 d6 4. Nf3 Nxe4 5. d4 d5 6. Bd3 Be7 7. O-O Nc6 8. Re1
Bg4 9. Bxe4 dxe4 10. Rxe4 Bxf3 11. gxf3 f5 12. Re1 Qxd4 13. Nc3 Qh4 14. Nd5
O-O-O 15. Nxe7+ Qxe7 16. Qe2 Qxe2 17. Rxe2 Nd4 18. Re7 Nxc2 19. Rb1 Rd1+ 20. Kg2
Ne1+ 0-1

[Event "Let's Play Chess!"]
[Site "http://www.queenalice.com/game.php?id=652390"]
[Date "2009.9.14"]
[Round "-"]
[White "skorpion"]
[Black "Ekensberg"]
[Result "1-0"]
[WhiteElo "2206"]
[BlackElo "2025"]

1. e4 c5 2. c3 e6 3. d4 d5 4. exd5 Qxd5 5. Nf3 Nc6 6. Be2 Nf6 7. O-O Be7 8. Na3
cxd4 9. Nb5 Qd8 10. Nbxd4 Bd7 11. Nxc6 Bxc6 12. Ne5 Qc7 13. Nxc6 Qxc6 14. Bf3
Qc7 15. Qa4+ Kf8 16. Bg5 h6 17. Bxf6 Bxf6 18. Rad1 Rd8 19. Qxa7 Rb8 20. Rd7 1-0

[Event "Let's Play Chess!"]
[Site "http://www.queenalice.com/game.php?id=658063"]
[Date "2009.9.26"]
[Round "-"]
[White "Ekensberg"]
[Black "Railton"]
[Result "0-1"]
[WhiteElo "2045"]
[BlackElo "1892"]

1. e4 e5 2. Nf3 d6 3. d4 exd4 4. Nxd4 Be7 5. Bc4 Nc6 6. O-O Nxd4 7. Qxd4 Bf6 8.
Qd3 a6 9. Nc3 b5 10. Qd5 Be6 11. Qc6+ Bd7 0-1

[Event "Let's Play Chess!"]
[Site "http://www.queenalice.com/game.php?id=658064"]
[Date "2009.9.26"]
[Round "-"]
[White "Railton"]
[Black "Ekensberg"]
[Result "0-1"]
[WhiteElo "1887"]
[BlackElo "1993"]

1. g3 d5 2. Bg2 e5 3. e4 Nf6 4. Nc3 d4 5. Nce2 c5 6. d3 Be7 7. h3 O-O 8. Nf3 Nc6
9. a3 h6 10. c4 a6 11. Bd2 b5 12. b3 Bd7 13. Rb1 Rb8 14. Qc2 Qc7 15. Rb2 Rb7 16.
g4 Rfb8 17. g5 hxg5 18. Bxg5 Qd6 19. h4 bxc4 20. dxc4 d3 21. Qd2 dxe2 22. Qxe2
Rxb3 23. Rxb3 Rxb3 24. O-O Rxa3 25. Bxf6 Bxf6 26. Rd1 Nd4 27. Nxd4 cxd4 0-1

[Event "Let's Play Chess!"]
[Site "http://www.queenalice.com/game.php?id=661714"]
[Date "2009.10.2"]
[Round "-"]
[White "Ekensberg"]
[Black "PunditJi"]
[Result "0-1"]
[WhiteElo "2034"]
[BlackElo "2202"]

1. e4 e6 2. d4 d5 3. exd5 exd5 4. Nf3 Nf6 5. Be2 Bd6 6. O-O O-O 7. Bg5 h6 8. Bh4
Nc6 9. Re1 Re8 10. Nc3 g5 11. Bg3 Bf5 12. Qd2 Ne4 13. Nxe4 dxe4 14. Ne5 Bxe5 0-1

[Event "Let's Play Chess!"]
[Site "http://www.queenalice.com/game.php?id=664243"]
[Date "2009.10.7"]
[Round "-"]
[White "Ekensberg"]
[Black "Gambitshark"]
[Result "0-1"]
[WhiteElo "2001"]
[BlackElo "2808"]

1. e4 e5 2. Nf3 Nc6 3. Bb5 Bc5 4. O-O Nf6 5. Nc3 O-O 6. Bxc6 dxc6 7. Nxe5 Re8 8.
Nf3 Nxe4 9. Nxe4 Rxe4 10. d3 Re8 11. Bg5 f6 0-1

[Event "Let's Play Chess!"]
[Site "http://www.queenalice.com/game.php?id=664244"]
[Date "2009.10.7"]
[Round "-"]
[White "Gambitshark"]
[Black "Ekensberg"]
[Result "1-0"]
[WhiteElo "2809"]
[BlackElo "1999"]

1. e4 c5 2. Nf3 Nc6 3. d4 cxd4 4. Nxd4 g6 5. c4 Bg7 6. Be3 Qb6 7. Nb3 Qc7 8. Qd2
Nf6 9. Nc3 O-O 10. Be2 a6 11. Rc1 1-0

[Event "Let's Play Chess!"]
[Site "http://www.queenalice.com/game.php?id=668136"]
[Date "2009.10.16"]
[Round "-"]
[White "Ekensberg"]
[Black "Mikejr"]
[Result "1-0"]
[WhiteElo "1996"]
[BlackElo "1714"]

1. e4 d5 2. exd5 Qxd5 3. Nc3 Qe5+ 4. Be2 Qg5 5. g3 Qc5 6. Nf3 Qc6 7. O-O Bh3 8.
d4 a6 9. Bg5 Nf6 10. Re1 h6 11. Be3 b5 12. a3 Qb7 13. Bf1 Bg4 14. Bg2 e6 15. h3
Bh5 16. g4 Bg6 17. Ne5 c6 18. Nxg6 fxg6 19. Qd3 Qf7 20. Bf4 Be7 21. Bxb8 Rxb8
22. Bxc6+ Nd7 23. Bxd7+ Kxd7 24. d5 Ke8 25. Rxe6 Rd8 26. Rae1 Rd7 27. d6 Kf8 28.
Rxe7 Rxe7 29. Rxe7 Qf6 30. Ra7 Kg8 31. Ra8+ Kh7 32. Rxh8+ Kxh8 33. d7 1-0

[Event "Let's Play Chess!"]
[Site "http://www.queenalice.com/game.php?id=668215"]
[Date "2009.10.16"]
[Round "-"]
[White "Ekensberg"]
[Black "alesciulli"]
[Result "0-1"]
[WhiteElo "1988"]
[BlackElo "2020"]

1. e4 c5 2. Nf3 d6 3. d4 cxd4 4. Nxd4 Nf6 5. Nc3 a6 6. Be2 e6 7. O-O Be7 8. Be3
O-O 9. f4 Qc7 10. a4 Nc6 11. Bf3 h6 12. Qd2 b6 13. e5 Nd5 14. Nxd5 exd5 15. Bxd5
Bb7 16. exd6 Bxd6 17. Rad1 Bc5 18. Nxc6 Bxe3+ 19. Qxe3 Bxc6 20. Qf3 Bxd5 21.
Rxd5 Qxc2 22. Qf2 Qxa4 23. Qxb6 Rab8 24. Qf2 Qa2 25. Rd2 Rb3 26. Qd4 Rfb8 27.
Rff2 R8b5 28. h3 Qb1+ 29. Kh2 Qf5 30. Rde2 R3b4 31. Qd2 Rxb2 32. Qxb2 Rxb2 33.
Rxb2 h5 34. Ra2 a5 35. Ra4 h4 0-1

[Event "Let's Play Chess!"]
[Site "http://www.queenalice.com/game.php?id=668728"]
[Date "2009.10.17"]
[Round "-"]
[White "Ekensberg"]
[Black "CCapivara"]
[Result "0-1"]
[WhiteElo "2001"]
[BlackElo "2088"]

1. e4 d6 2. d4 Nf6 3. Nc3 c6 4. f4 Qa5 5. Bd3 Bg4 6. Nf3 Nbd7 7. O-O e5 8. Be2
Bxf3 9. Bxf3 exd4 10. Qxd4 d5 11. Kh1 dxe4 12. Nxe4 O-O-O 13. Bd2 Qb6 14. Qxb6
axb6 15. Rad1 Nxe4 16. Bxe4 Nf6 17. Bf5+ Kc7 18. Bc3 Nd5 19. Be5+ Bd6 20. Bxg7
Rhg8 21. Bd4 Nxf4 22. Be4 c5 23. Be3 Ng6 24. Rxf7+ Rd7 25. Rxd7+ Kxd7 26. Bxb7
Kc7 27. Bf3 Nh4 28. Bd5 Rf8 29. Kg1 Nf5 30. Bf2 Ne7 31. Bf3 b5 0-1

[Event "Let's Play Chess!"]
[Site "http://www.queenalice.com/game.php?id=668729"]
[Date "2009.10.17"]
[Round "-"]
[White "CCapivara"]
[Black "Ekensberg"]
[Result "1-0"]
[WhiteElo "2172"]
[BlackElo "2005"]

1. e4 c5 2. Nf3 Nc6 3. d4 cxd4 4. Nxd4 g6 5. Nc3 Bg7 6. Be3 Qb6 7. Nf5 Qxb2 8.
Nxg7+ Kf8 9. Nd5 Kxg7 10. Bd3 Nf6 11. O-O d6 12. f4 Ng4 13. Bd2 Nf6 14. Bc3 Qa3
15. Qe1 Be6 16. f5 Bxd5 17. exd5 Qc5+ 18. Kh1 Qxd5 19. Rb1 b6 20. Qh4 Ne5 21.
Rbe1 Nxd3 22. cxd3 Qxd3 23. Ba1 Rae8 24. fxg6 hxg6 25. Rxf6 1-0

[Event "Challenge"]
[Site "http://www.queenalice.com/game.php?id=689633"]
[Date "2009.11.27"]
[Round "-"]
[White "KennyB"]
[Black "Ekensberg"]
[Result "1-0"]
[WhiteElo "1962"]
[BlackElo "1868"]

1. e4 c5 2. Nf3 Nc6 3. Bb5 Nd4 4. Nxd4 cxd4 5. d3 a6 6. Ba4 b5 7. Bb3 e5 8. O-O
Nf6 9. Bg5 Be7 10. Nd2 O-O 11. f4 d6 12. h3 h6 13. Bh4 Be6 14. Bxe6 fxe6 15.
fxe5 dxe5 16. Nf3 Bd6 17. Nh2 Be7 18. Ng4 Nxg4 19. Bxe7 Qxe7 20. Qxg4 Rxf1+ 21.
Rxf1 Rf8 22. Rxf8+ Kxf8 23. Kf2 Qf6+ 24. Qf3 Ke7 25. Qxf6+ gxf6 26. Kg3 Kf7 27.
Kh4 Kg6 28. g4 a5 29. c3 Kh7 30. Kg3 Kg7 31. h4 Kf7 32. Kf3 Ke7 33. cxd4 exd4
34. Kf4 Kd6 35. g5 fxg5+ 36. hxg5 hxg5+ 37. Kxg5 Ke5 38. Kg6 Kf4 39. Kf6 Ke3 40.
Kxe6 Kxd3 41. Kd5 Ke3 42. e5 d3 43. e6 d2 44. e7 d1=Q+ 45. Kc6 Qh5 46. Kd7 Qd5+
47. Kc7 1-0